| 000 | 00741nam a2200241 a 4500 | ||
|---|---|---|---|
| 001 | 57673 | ||
| 003 | BD-RjUL | ||
| 005 | 20211209080536.0 | ||
| 008 | 161211s1976 enka b 001 0 eng | ||
| 020 | _a0395206189 | ||
| 035 | _a(BD-RjUL)57797 | ||
| 040 |
_aDLC _cDLC _dBD-RjUL _beng |
||
| 041 | _aeng | ||
| 082 | 0 | 0 |
_a307.12 _223 _bSAE 1976 |
| 100 | 1 |
_aSaarinen, Thomas F. _q(Thomas Frederick) _9171265 |
|
| 245 | 1 | 0 |
_aEnvironmental planning : _bperception and behavior / _cThomas F. Saarinen. |
| 260 |
_aBoston : _bHoughton Mifflin, _cc1976. |
||
| 300 |
_axiii, 262 p. : _bill. ; _c24 cm. |
||
| 504 | _aIncludes bibliographical references and indexes. | ||
| 650 | 0 |
_aRegional planning. _9171266 |
|
| 942 |
_2ddc _cBK |
||
| 999 |
_c57673 _d57673 |
||